|
|
|
|
| LEADER |
00000nam0a2200000 4500 |
| 001 |
323172 |
| 005 |
20231102003539.0 |
| 035 |
|
|
|a (RuTPU)RU\TPU\book\348730
|
| 090 |
|
|
|a 323172
|
| 100 |
|
|
|a 20161010d1923 km y0rusy50 ca
|
| 101 |
0 |
|
|a rus
|
| 102 |
|
|
|a RU
|
| 105 |
|
|
|a a z 001zy
|
| 200 |
1 |
|
|a Ритм в архитектуре
|f М. Я. Гинзбург
|
| 210 |
|
|
|a Москва
|c Изд-во "Среди коллекционеров"
|d 1923
|
| 215 |
|
|
|a 119 с.
|c ил.
|
| 320 |
|
|
|a Перечень иллюстраций: с. 118-119
|
| 606 |
1 |
|
|a Композиция в архитектуре
|2 stltpush
|3 (RuTPU)RU\TPU\subj\15055
|9 41353
|
| 610 |
1 |
|
|a ритм
|
| 610 |
1 |
|
|a анализ
|
| 610 |
1 |
|
|a гармония
|
| 610 |
1 |
|
|a симметрия
|
| 610 |
1 |
|
|a ритмичность
|
| 610 |
1 |
|
|a аритмия
|
| 610 |
1 |
|
|a математическое описание
|
| 610 |
1 |
|
|a ритмические проблемы
|
| 675 |
|
|
|a 72.01
|v 4
|
| 700 |
|
1 |
|a Гинзбург
|b М. Я.
|
| 801 |
|
1 |
|a RU
|b 63413507
|c 20161010
|
| 801 |
|
2 |
|a RU
|b 63413507
|c 20200709
|g RCR
|
| 942 |
|
|
|c BK
|